Представление документа в формате RUSMARC

ПолеНазваниеЗначение
  Тип записи c
  Библиографический уровень m
001 Контрольный номер UONB/MAIN/4f19e1bce57045da8d51ddd6f2133d06
005 Дата корректировки 20260430090904.7
010 Индекс ISBN __
9 Тираж 25000 экз.
013 Номер (ISMN) __
d Цена 2 р. 10 к.
071 Издательские номер (звукозапись и ноты) 21
a Номер, присвоенный агентством 6384
100 Данные общей обработки __
a Данные общей обработки 20260430d1982 d y0rusy0189 ca
101 Язык документа 0_
a Язык текста rus
f Язык титульного листа rus
102 Страна публикации __
a Страна публикации RU
125 Кодированные данные звукозаписи и нотных изданий __
a Форма изложения нотного текста с
128 Кодированные данные (звукозаписи-физические характеристики) __
a Кодированные данные: Музыкальная форма и тональность или лад zz
b Инструменты или голоса, необходимые для ансамблей (устаревшее) uu
c Инструменты или голоса, рекомендуемые для солистов (устаревшее) uu
200 Заглавие и сведения об ответственности 1_
a Заглавие Хрестоматия к [экспериментальной] программе по музыке для общеобразовательной школы
e Сведения, относящиеся к заглавию 6 класс
f Первые сведения об ответственности Союз композиторов СССР, Министерство просвещения РСФСР, Научно-исследовательская лаборатория музыкального обучения
g Последующие сведения об ответственности редактор Ю. И. Челкаускас
203 Вид содержания и тип средства __
a Вид содержания Музыка
b Характеристика содержания знаковая
c Тип средства непосредственная
210 Выходные данные 1_
a Место издания Москва
c Издательство Советский композитор
d Дата издания 1982
215 Физическое описание __
a Объем 144 с.
d Формат 29 см
606 Тематические рубрики 0_
a Основная рубрика Хрестоматии для общеобразовательных школ
x Основная подрубрика Средний школьный возраст
x Основная подрубрика Хрестоматии по музыке
610 Ключевые слова 0_
a Ключевые слова хрестоматии для общеобразовательных школ; хрестоматии по музыке; программа по музыке Д. Кабалевского
686 Индексы других классификаций __
a Классификационный индекс 85.98я72
2 Код системы rubbk
702 Вторичная интеллектуальная ответственность _1
a Фамилия Челкаускас
b Имя (инициалы) Ю. И.
g Полное личное имя Юозас Ионович
4 Код отношения 340
712 Наименование организации (Вторичная ответственность) 02
a Организация/ юрисдикция Союз композиторов СССР
a Организация/ юрисдикция Научно-исследовательская лаборатория музыкального обучения
801 Источник записи _0
a Страна RU
b Организация Ульяновская ОНБ
c Дата составления 20260430
g Правила каталогизации RCR
801 Источник записи _1
a Страна RU
b Организация Ульяновская ОНБ
c Дата составления 20260430
901 Тип документа __
t Тип документа m
909 Создатель записи __
a Создатель записи Никитина Т. А.
b Дата создания записи 20260430